000 00243nam a2200085Ia 4500
245 0 _aAccelerated learning : a user's guide
100 _a SMITH, Alistair Stafford, 2003
_995983
942 _cBK
008 210817s9999 xx 000 0 und d
999 _c401503
_d401502